Balkan Songs by Picture Part 2 - Statistics

General Stats
  • This quiz has been taken 59 times
  • The average score is 8 of 20
Answer Stats
Picture Hint Answer % Correct
Voyage Tango
89%
Nataša Bekvalac Nikotin
70%
Jelena Karleuša Lucifer
67%
Nikolija Nikolija
67%
Crni Cerak Ccuri
57%
Devito Nina
57%
Baka Prase Poni
54%
Jala Brat & Buba Corelli Goodfellas
52%
Coby Nove pare
50%
Djomla Ks Gajba puna piva
48%
Petrov Drift
41%
Rasta Bonnie & Clyde
35%
Krankšvester Zatresi guz
28%
Sanja Đorđevoć Svetlo crveno
22%
Teodora Aya Sofya
13%
Severina LosHa
13%
Popov Na tiću
13%
Senidah Omen
13%
Corona Deja vu
11%
Tea Tairović Plakala bih i bez suza
7%
No matching quizzes found
Score Distribution
Percent of People with Each Score
Percentile by Number Answered
Your Score History
You have not taken this quiz